[Event "WchT 11th"]
[Site "Khanty-Mansiysk"]
[Date "2017.06.25"]
[Round "8.1"]
[White "Vidit, Santosh Gujrathi"]
[Black "Svidler, Peter"]
[Result "1/2-1/2"]
[WhiteElo "2692"]
[BlackElo "2756"]
[Annotator "Lenderman,A"]
[PlyCount "129"]
[EventDate "2017.06.17"]
[EventType "team-tourn"]
[EventRounds "9"]
[EventCountry "RUS"]
[SourceTitle "CBM 179"]
[Source "ChessBase"]
[SourceDate "2017.07.12"]
[SourceVersion "1"]
[SourceVersionDate "2017.07.12"]
[SourceQuality "1"]
[WhiteTeam "India"]
[BlackTeam "Russia"]
[WhiteTeamCountry "IND"]
[BlackTeamCountry "RUS"]

{Despite the fact that there were a lot of decisive games this round, I
decided to actually pick this interesting draw in the match between India and
Russia. This was a Board One matchup between India's Vidit Gujrathi and
Russia's Peter Svidler. This was a very tough fighting match, which really
India probably feels like they could've also won with some good breaks. This
keeps Russia in the fight for the gold medals and guarantees them at least a
Bronze Medal no matter what happens in the last round. China won a relatively
one-sided match against Norway, which is why I decided to choose a game from
the India-Russia match. This game I found the most intriguing since White
played very nicely, putting a lot of pressure on his very strong and
experienced opponent, but then Svidler escaped after he found some strong
practical chances and Vidit failed to find a quite beautiful study-like win.} 
1. d4 Nf6 2. c4 g6 3. g3 c6 {The most solid reply. Black can also choose the
more dynamic options, either with an early c5, transposing into Benoni or
Benko Gambit, d5, which transposes into Grünfeld type positions, or just
castle and d6, trying to get a g3 kings indian.} (3... c5) (3... Bg7 4. Bg2 c5
(4... d5) (4... O-O)) 4. Bg2 d5 5. Nf3 Bg7 6. b3 O-O 7. O-O Ne4 8. Bb2 Bf5 9.
e3 Nd7 10. Qe2 a5 11. cxd5 $5 {According to my database a novelty. Before that,
11.Nc3 appeared two times in Svidler's games, from both sides interestingly
enough.} (11. Nc3 Nxc3 12. Bxc3 Nf6 {was played by Svidler all the way back in
2006.} (12... Be4 {was played by Radjabov against Svidler.} 13. Rfc1 e6 14. Bf1
dxc4 15. bxc4 c5 16. Nd2 Bc6 17. Rab1 b6 18. Bg2 Bxg2 19. Kxg2 cxd4 20. exd4
Rc8 21. Rb5 $14 {1/2 (40) Svidler,P (2731)-Radjabov,T (2748) Plovdiv 2010,
Black still had some difficulties to solve but eventually he managed hold the
draw.}) 13. Rfc1 Be4 14. Be1 e6 15. Bf1 c5 $11 {1-0 (41) Nikolic,P (2645)
-Svidler,P (2630) Ter Apel 1996, Black lost the game later on, but not because
of the opening. He equalised pretty comfortably here.}) 11... cxd5 12. Nc3 Nxc3
(12... Ndf6 13. Na4 $5 {and now the black knights are redundant and he hasn't
fully equalised yet.}) 13. Bxc3 Qb6 (13... Nf6 14. Rfc1 {is still a little bit
uncomfortable for Black.}) 14. Rfc1 Rfc8 15. Ne1 e5 $6 {An aggressive approach
trying to equalise right away, but perhaps it was objectively better to play ..
.Nf6 with clear equality.} (15... Nf6 $11) 16. dxe5 Rxc3 17. Rxc3 Bxe5 18. Rac1
Bxc3 19. Rxc3 d4 20. exd4 Qxd4 21. Bxb7 Qxc3 22. Bxa8 Ne5 $6 {Black has
sacrificed a pawn, and now in order to get compensation he has to play very
accurately. That's why it was maybe more practical to play 15...Nf6. Now he
has only one path to equality, once again with 22...Nf6.} (22... Nf6 $1 23. Kg2
Bb1 $1 $44 {and here White can't make progress very easily while Black's
pieces here are very active. One variation can go like this:} 24. Nf3 Qc8 $3 {
This is why it is not good for Black to trade the knights. Now the bishop on
a8 is short on squares.} 25. Qb2 Bf5 $1 26. Qxf6 Qxa8 27. Qc3 Be6 $11 {Black
has very good compensation thanks to a vey strong light-squared bishop and
White not having an easy way to break through.}) 23. Kg2 h5 (23... Bb1 24. Nf3
Nxf3 25. Bxf3 Qa1 $6 26. Qe1 Qxa2 27. Qe8+ Kg7 28. Bd5 $18 {This shows how
important the knight on f6 would be.}) 24. Nf3 $6 {Now it's Vidit's turn to
make an inaccuracy. I'm pretty sure he missed Black's next move.} (24. Be4 $16
{is simply up a pawn without much compensation as far as I can see.}) 24... Qc8
$1 25. Kg1 Bh3 $1 (25... Qxa8 26. Nxe5 a4 {also might be ok for Black.}) 26.
Qxe5 Qxa8 27. Ne1 Qa6 28. Qe8+ Kg7 29. Ng2 g5 $2 {This move is too weakening
and definitely unnecessary, and almost lost the game for Svidler as his king
became much more exposed, even though it's not so obvious right now.} (29...
Qd3 30. Qe1 Qd4 31. Nf4 Bg4 $44 {is still full compensation according to the
computer.}) 30. Qe5+ f6 31. Qe7+ Kg6 32. Qe4+ Kg7 33. Ne3 {Now White
consolidates since ...Qe2 fails to Nf5+.} Qc8 34. Qc2 Qb7 35. Qd1 (35. Qc4 {
might be a bit more accurate according to the computer, but here in time
pressure it's very hard to criticise the players for making subtle
inaccuracies.}) 35... Qe4 $6 {This just doesn't work out.} (35... Qb4 $3 {
would be very strong here but it's very hard to find this move in time
pressure.}) (35... Kg6 {Even this would be more solid than ...Qe4.}) 36. Qxh5
Qb1+ 37. Qd1 Qxa2 38. g4 {Maybe Svidler missed this. Now this should be
winning for White.} Qb2 39. Nf5+ $2 {This is a mistake.} (39. f3 Qe5 40. Qd3
$18 {is a win in the long run.}) (39. f4 $5 {is also interesting but almost
impossible to play in time pressure.}) 39... Kg6 40. Nd6 Kh6 (40... Kg7 {
is a little bit more accurate.}) 41. Nf5+ (41. Nc4 Qc3 42. Ne3 {maybe gave
more winning chances. But this again, is extremely hard.}) 41... Kg6 42. Ng3
Kg7 43. Nf1 Qe5 44. Ne3 Qc5 $2 (44... Qb2 {would allow White to transpose into
the previous winning position on move 39.} 45. f3) (44... Qc3 $1 {would be
very strong though, not allowing White to play f3 and activate his king, and
also not allow White to activate his queen. This is close to equal. White's
only winning try here is...} 45. Nf5+ Kg6 46. f3 Qc5+ 47. Nd4 f5 $1 {But now
Black is in time to get sufficient counterplay and should equalise.} 48. Qd3
Kh6 $1 49. gxf5 Bxf5 50. Qe3 Bh3 51. f4 Bg4 52. fxg5+ Qxg5 $11) 45. Qd2 $18 {
Suddenly White is winning again since he can play f3 next move and consolidate
and then the bishop on h3 gets in trouble.} Qa3 $6 (45... Qe5 46. f3 Kg6 47.
Qd3+ Kf7 48. Qh7+ Ke6 49. Qa7 Qb5 {is lost for Black in the long run but would
be a little bit more tenacious.}) 46. Qc3 a4 47. Nf5+ Kf8 $5 {A very good
practical chance, challenging White to find the tricky study-like win.} (47...
Kg6 48. Qxh3 {Threatening mate on h5.} Qc1+ 49. Kg2 Qc6+ 50. Qf3 Qxf3+ 51. Kxf3
axb3 52. Ne7+ Kf7 53. Nd5 b2 54. Nc3 $18 {is a forced line which is very easy
to calculate for grandmasters at this level.}) 48. Qc8+ (48. Qxf6+ Ke8 49. Qh8+
Kd7 50. Qd4+ Kc7 51. Qc3+ Kd7 52. Qd3+ Kc7 53. Qxh3 axb3 54. Qc3+ {is also
winning for White.}) 48... Kf7 49. Qd7+ Kf8 50. Qd8+ Kf7 51. Qd7+ $6 {This is
still not a decisive mistake since he can return to the winning position but
it's already a step in the wrong direction.} (51. Nd6+ $1 {was a study win
that Vidit missed.} Ke6 (51... Kg6 52. Qg8+ Kh6 53. Nf5# $18) (51... Kg7 52.
Qe7+ Kg8 53. Qf7+ Kh8 54. Qxf6+ {This is easy to see that it's a mop-up.} Kh7
55. Qf7+ Kh8 56. Qh5+ Kg7 57. Qxg5+ Kh8 (57... Kh7 58. Qh5+ Kg8 (58... Kg7 59.
Nf5+ Kf6 60. Qh8+ Kf7 61. Qxh3 axb3 62. Qc3 Qa2 63. Qc7+ $18) 59. Qg6+ Kh8 60.
Nf7#) 58. Qh6+) 52. Qg8+ $1 {This is the move that probably Vidit missed,
though I might be wrong. Amazingly enough Black loses his queen in every line
now. He might only have seen Qe8+ which doesn't win because of ...Kd5!} (52.
Qe8+ $2 Kd5) 52... Ke7 (52... Kxd6 53. Qf8+) (52... Kd7 53. Qe8+ Kc7 54. Qc8+
Kb6 55. Nc4+) (52... Ke5 53. Nc4+) 53. Qe8+ Kxd6 54. Qf8+) (51. Qc7+ Kf8 52.
Qb8+ (52. Qc3 Bxg4 53. Qxf6+ Ke8 54. Qe5+ {also wins but is more complicated})
52... Kf7 53. Nd6+ {would also transpose into the same lines and therefore
keep the win.}) 51... Kf8 52. Qg7+ $4 ({It i still not too late to return to} 
52. Qd8+ Kf7 53. Nd6+) 52... Ke8 53. Qh8+ Kd7 54. Qh7+ Kd8 55. Qh8+ Kd7 56.
Qh7+ Kd8 57. Qg8+ Kc7 58. Qf7+ Kb8 59. Qg8+ Kc7 60. Qc4+ Kb8 61. Qb5+ Kc7 62.
Qa5+ Kb7 63. Qd5+ Kc7 64. Qc4+ Kb8 65. Qg8+ {A great save for Svidler and that
completed an amazing comeback by Russia, who had also been in a difficult
position with Black on boards 3 and 4. At least tomorrow's match will be very
intriguing as Russia will try to win against the 2016 Olympiad Gold Medal
Winners, United States, and China will try to overcome a very strong Polish
Team which is also playing great in the World Team Championship and is
currently in 3rd place. In fact theoretically, Poland might even have a chance
to win the World Team Championship if they beat China and Russia doesn't win
against the United States.} 1/2-1/2

[Event "Metz op 30th"]
[Site "Metz"]
[Date "2012.04.17"]
[Round "5"]
[White "Maiorov, Nikita"]
[Black "Libiszewski, Fabien"]
[Result "1/2-1/2"]
[WhiteElo "2552"]
[BlackElo "2523"]
[Annotator "Metz Alekhine/Primel,D"]
[PlyCount "97"]
[EventDate "2012.04.14"]
[EventType "swiss"]
[EventRounds "9"]
[EventCountry "FRA"]
[SourceTitle "EXT 2013"]
[Source "ChessBase"]
[SourceDate "2012.11.22"]
[SourceVersion "1"]
[SourceVersionDate "2012.11.22"]
[SourceQuality "1"]

1. d4 {01h30} Nf6 2. c4 g6 3. g3 c6 {Transposant sur une ligne solide de la
défense Gruenfeld} (3... d5 {La grande ligne} 4. cxd5 Nxd5) 4. Bg2 (4. d5 $5 {
Une option supplémentaire donnée par le choix de la variante c6} cxd5 5. cxd5 {
Kortschnoj,V (2660)-Geller,E (2630) Candidates qf2 1971 (7) 1-0}) 4... d5 5.
Nf3 Bg7 6. Qb3 $5 (6. O-O) 6... O-O (6... a5 $5 7. cxd5 a4 $132 {Braga,F (2465)
-Kozul,Z (2640) Calvia ol (Men) 2004 (4) 1/2}) 7. O-O Qb6 8. Nc3 Rd8 (8... Bf5
9. Ne5) 9. Rd1 {84} (9. c5 $5 Qxb3 10. axb3 Na6 11. Bf4 $32 {Aronian,L (2724)
-Svidler,P (2740) WchT 6th Beersheba 2005 (6) 1/2}) 9... Bf5 10. Ne1 Be6 11. c5
Qxb3 12. axb3 Nbd7 13. b4 $14 {[%csl Ga1,Ra7,Re6,Re7]} a6 14. h3 Ne8 15. Bf4 {
79} f5 16. f3 $1 {[%cal Ge2e4] 68 Fin de la préparation des Blancs} Bf7 17. Bg5
{62} Kf8 18. g4 $1 {47} h6 19. Be3 (19. Bf4) 19... fxg4 20. hxg4 {36} g5 21.
Bf2 e5 22. e3 exd4 23. exd4 Nc7 {[%csl Rd4][%cal Gc7e6]} 24. Nd3 Ne6 $132 25.
Ne2 {31} Re8 26. Rd2 Bg6 27. Ndc1 $5 {[%csl Rb7,Rc6][%cal Gc1b3,Gb3a5]} Kg8 28.
Bg3 (28. Nb3) 28... Rf8 (28... h5) 29. Bd6 Rf7 30. Nb3 {[%cal Gb3a5,Ga5b7,
Gb3d4]} Re8 31. Rc1 (31. Na5) 31... Ndf8 32. Rc3 Nf4 33. Nxf4 gxf4 34. Bf1 Ne6
35. Bd3 $6 Bxd3 36. Rcxd3 Ng5 $15 37. Kf2 Re3 $1 38. Rd1 (38. Rxe3 $2 fxe3+ 39.
Kxe3 Rxf3+) 38... Rxd3 $6 (38... Kh7 $17 {[%cal Gh7g6]}) 39. Rxd3 Ne6 40. Rd2
Kh7 41. Ke2 Kg6 42. Kd3 Ng5 {Commence а profiter de l'échange des B de cases
Blanches} 43. Rf2 {[%csl Rf2]} Ne6 (43... h5) 44. Re2 Ng5 45. Nd2 Bf8 46. Bb8
Bg7 47. Re8 Nh3 48. Be5 Bxe5 49. Rxe5 1/2-1/2

[Event "EU-Cup 26th"]
[Site "Plovdiv"]
[Date "2010.10.20"]
[Round "4.4"]
[White "Mikhalevski, Victor"]
[Black "Belov, Vladimir"]
[Result "0-1"]
[WhiteElo "2610"]
[BlackElo "2625"]
[Annotator "Mikhalevski,V"]
[PlyCount "92"]
[EventDate "2010.10.17"]
[EventType "team-swiss"]
[EventRounds "7"]
[EventCountry "BUL"]
[SourceTitle "CBM 139"]
[Source "ChessBase"]
[SourceDate "2010.11.18"]
[SourceVersion "1"]
[SourceVersionDate "2010.11.18"]
[SourceQuality "1"]
[WhiteTeam "Ashdod Elite"]
[BlackTeam "Ural Sverdlovskaya"]
[WhiteTeamCountry "ISR"]
[BlackTeamCountry "RUS"]

1. d4 Nf6 2. c4 g6 {One of a few opening lines I expected to see on the board.}
3. g3 c6 {With White's knight on f3 Belov usually chooses the immediate d5.} 4.
Bg2 d5 5. Nf3 Bg7 6. b3 {This line is getting fashionable thanks to the
excellent opening book of my friend Boris Avrukh, which covers all possible
openings after 1.d4!} O-O 7. O-O Bf5 {Used to be the main line.} ({The recent
attempts to equalise are connected with} 7... dxc4 8. bxc4 c5 {[%csl Ra1]}) 8.
Bb2 Qb6 $5 {A very uncommon continuation and a novelty on GM level.} ({All} 
8... Nbd7) (8... a5) ({and} 8... Ne4 {are more popular alternatives.}) 9. Ne5 {
[%cal Gb1c3] My idea is to develop the queen's knight to c3.} ({In most
previous games White played} 9. Nbd2 {, which I didn't like in view of} a5 {
[%cal Ga5a4] with the following a4. In this case the knight is better situated
on c3.}) 9... Rd8 {[%csl Rd4] Black is creating pressure on d4 trying to make
difficult White's plan.} ({In the only preceding game Black tested} 9... Nbd7
10. Nc3 Rad8 11. Nxd7 Rxd7 12. Na4 Qa5 (12... Qd8 $5) 13. Nc5 Rc7 14. Qc1 {
1-0 Kamber,B (2335)-Strauss,J/Switzerland 1986/EXT 2005 (32). ... with a
slight edge for White.}) 10. Nc3 $1 {Anyway this move is possible.} Nbd7 ({
After} 10... dxc4 11. Na4 $1 (11. e4 $2 {is strongly answered by} Nxe4 $1 {
[%csl Rd1][%cal Gg7e5]} 12. Nxc4 Nxc3 $15 {and Black wins a pawn.}) 11... Qc7
12. bxc4 {[%cal Ge2e3] White obtains chances for an advantage thanks to the
strong centre, though one still needs to consolidate the position.}) 11. Qc1 {
Too sophisticated. My idea was to move the queen away from the d-file as Black
was threatening with 11...Nxe5 with the following 12...dxc4, but c1 is not the
best square for the queen either.} ({After the simple} 11. Nxd7 Rxd7 12. Na4
Qd8 13. Nc5 Rc7 14. Rc1 {White retains some pressure.}) 11... Rac8 $1 ({
Of course not} 11... Nxe5 $6 12. dxe5 Ne4 $2 {in view of} 13. Na4 $1 Qa5 14. f3
$18 {[%csl Re4] trapping the knight on e4. This was one of my ideas behind 11.
Qc1.}) (11... Qxd4 $4 12. Nxd5 $1 $18 {is even worse.}) (11... dxc4 $6 12. Nxc4
{is also in White's favour as the d4-pawn is untouchable.} Qxd4 $2 13. Nd5 $16)
12. Nd3 $1 {White's only chance to set problems is to keep the knights,
staking all on the spatial advantage.} (12. Nxd7 Nxd7 13. cxd5 cxd5 14. e3 e6
$15 {is already slightly better for Black.}) 12... dxc4 $1 13. bxc4 Bxd3 {
Black decided to go for a position with an unusual pawn structure, hoping that
the d4-pawn will be weak.} (13... Qa6 $1 {[%csl Rc4]} 14. Nd1 c5 $1 15. d5 b5
16. Ne3 bxc4 17. Nxf5 gxf5 18. Nf4 Rb8 19. Bc3 $132 {leads to a positional
with mutual chances.}) 14. exd3 e6 (14... e5 {[%csl Rc4,Rd3] trying to attack
the d3-c4-pawn structure can be met by} 15. Rb1 $1 exd4 16. Ne2 Qc7 17. Bxd4
$14) (14... Qxd4 $4 {is refuted by} 15. Nd5 {[%csl Re7]} Qc5 16. Ba3 $18) 15.
Rb1 $1 (15. a4 $5 {taking space on the queenside also deserved attention.})
15... Qa5 (15... Qa6 $5) 16. Ba1 $1 {[%csl Rb7] It turns out that Black
doesn't have a comfortable defence of the b7-pawn.} Rc7 $6 {Not the best
square for the rook.} ({Black had an interesting idea of counterplay:} 16... b5
$1 17. cxb5 c5 $1 {, but White seems to retain a slight edge by means of} 18.
Qe1 $1 cxd4 19. Ne2 $1 Qxe1 20. Rfxe1 e5 21. Nc1 $1 Rc2 22. Rb2 $1 Rxb2 23.
Bxb2 Rc8 24. Bc6 Nb8 25. Rxe5 Nxc6 26. bxc6 Rxc6 27. Re2 $1 $14 {[%csl Rd4]
[%cal Gc1b3]}) 17. Qf4 $6 {My idea was to exploit the hanging position of the
rook on c7, but somehow I had underestimated 17...e5.} (17. Re1 $1 $14 {
would keep all the pluses of White's position and prevent e5, which was
possible in the game.}) 17... Ne8 $6 {A passive defence.} ({Black should have
played} 17... e5 $1 18. dxe5 Qxe5 (18... Nxe5 $6 {is dubious in view of} 19.
Nb5 $1 {[%csl Re5][%cal Ga1e5]} Nh5 20. Bxe5 $1 Nxf4 21. Bxc7 Ne2+ 22. Kh1 Qxa2
23. Bxd8 cxb5 24. Rxb5 b6 25. Rd5 $1 $16 {[%csl Rf7][%cal Gd5d7,Gg2d5]}) 19.
Qf3 Qh5 20. d4 (20. Qf4 Qe5 $11) 20... Qxf3 21. Bxf3 Nb6 22. Rb4 c5 $1 23. dxc5
Rxc5 24. Bxb7 Nxc4 25. Na4 Rc7 26. Rc1 Ne3 $1 27. Rbb1 Nc2 28. Be5 Rc4 $11) 18.
Ne4 $1 $36 {Black can't find time to attack the d4-pawn as White is very
active.} Ndf6 $6 {An inaccuracy.} ({The following alternatives are better.} 
18... Qxa2 $5 19. Bc3 $1 b6 20. Ra1 Qe2 21. Rfd1 $36) (18... b6 $5 19. Rfc1 $1
$36 {[%csl Gc2] White takes away the c2-square and thus prepares 20.Bc3. The
initiative is still on White's side.}) 19. Nc5 $1 b6 ({After} 19... Nd6 20.
Rfc1 $1 $16 {[%cal Ga1c3] Black is under serious pressure.}) 20. Nb3 $2 {
A mistake, losing a big advantage.} ({We both missed} 20. Qxc7 $1 Nxc7 21. Nb7
{[%csl Ra5,Rd8]} Qa3 $1 {The best chance.} (21... Qxa2 22. Nxd8 $16 {[%cal
Gd8c6]}) 22. Nxd8 c5 23. dxc5 Qxc5 24. Nc6 $14 {and White is clearly better.} (
{or} 24. a4 $5 Qa3 25. Nc6 Qxa4 26. Be5 Nfe8 27. Bf4 $14 {and Black is in
trouble.})) 20... Qxa2 {Now I had to regroup and play as if nothing had
happened.} 21. Rfe1 $1 $44 {White still has good compensation for pawn.} Rcc8
22. g4 $6 $138 {Unnecessary weakening of the f4-square. Starting from here the
game goes downhill very quickly.} ({I should have prevented the idea of Qa3-d6.
} 22. Qc1 $1 {The play could continue} Qa6 23. Bc3 Qb7 24. Nd2 $1 {[%cal Gd2f3]
} Nd6 25. Nf3 $44 {[%cal Gc1b2,Gd4d5] with a long-term compensation. Black's
extra pawn is not essential here.}) 22... h6 23. h4 $6 (23. h3 $15 {would be
the lesser evil.}) 23... Qa3 24. g5 $2 {This is already too much.} ({I should
have tried to complicate matters with} 24. h5 $5 gxh5 25. g5 hxg5 (25... Ng4
26. g6) 26. Qxg5 $132 {and White creates at least some counterplay.}) 24...
hxg5 25. hxg5 Nh5 $17 {[%csl Rf4] Now the f4 and f5-squares are weak and White
can only look for practical chances.} 26. Qg4 $2 {I should have left the d1-h5
diagonal for an attack on the h5-knight.} (26. Qd2 $142 Nd6 27. Bf3 Nf5 28.
Bxh5 gxh5 29. Qe2 h4 $17) 26... Qd6 $6 {This natural move gives me some
chances.} (26... Nd6 $17 {[%cal Gd6f5] was more precise.}) 27. Re4 (27. c5 $1
$15 {was a much better try.}) 27... Qd7 {[%cal Ge8d6,Gd6f5]} 28. Rbe1 $6 {
The knight shouldn't be allowed on f5.} (28. c5 Nc7 {isn't great either, but
still better than the game.}) (28. Qd1 $5 Nd6 29. Rg4 Nf5 $17) 28... Nd6 29.
R4e2 Nf5 $19 {[%csl Rd4] Black wins another pawn. White has no hope left.} 30.
d5 $5 ({After} 30. Re4 a5 $19 {[%cal Ga5a4] is more than convincing.}) 30...
exd5 31. Bxg7 Nhxg7 (31... Nfxg7 32. Qxd7 Rxd7 33. Bh3 Nf5 34. Bxf5 gxf5 35.
Re8+ {was my very last hope, but even here Black is winning.}) 32. cxd5 cxd5
33. Nd4 Re8 $1 $19 {The simplest.} 34. Nxf5 ({Probably I should have kept at
least a rook.} 34. Rxe8+ $5 Rxe8 35. Rb1) 34... Nxf5 35. Rxe8+ Rxe8 36. Rxe8+
Qxe8 37. Bxd5 Qe1+ 38. Kg2 Qd2 $1 {[%csl Rd3,Rg5][%cal Rf5e3] White has too
many weaknesses.} 39. Qe4 (39. Bxf7+ {doesn't work as Black has no problems to
escape the checks.} Kxf7 40. Qc4+ Ke7 41. Qc7+ Ke6 42. Qc8+ Kd6 $19) (39. Qa4
Qxg5+ 40. Kf1 Qe7 $19 {is similar to the game.}) 39... Qxg5+ 40. Kf1 Qe7 41.
Qc4 Qf6 {[%cal Gf5e3]} 42. Kg1 a5 43. Qc7 Kg7 44. Qd7 Qe7 45. Qc6 Qg5+ 46. Kh1
Ne7 {Black forces an exchange of queens and so I resigned.} 0-1